000 00462nam a2200145Ia 4500
008 100204s9999 xx 000 0 und d
082 _b7930
100 _aक्षेत्रमाडे सुमती
245 _aशततारका
260 _b"बांदोडकर पब्लिशिंग हाऊस, गोवा"
_c1985
300 _a216
630 _aशततारका
730 _aशततारका
942 _cBOOK
999 _c452366
_d452363